Managerial accounting / (Record no. 3075)

000 -LEADER
fixed length control field 00997cam a2200301 i 4500
001 - CONTROL NUMBER
control field 17877165
003 - CONTROL NUMBER IDENTIFIER
control field OSt
005 - DATE AND TIME OF LATEST TRANSACTION
control field 20160901111252.0
008 - FIXED-LENGTH DATA ELEMENTS--GENERAL INFORMATION
fixed length control field 130905s2015 maua 001 0 eng
010 ## - LIBRARY OF CONGRESS CONTROL NUMBER
LC control number 2013035886
020 ## - INTERNATIONAL STANDARD BOOK NUMBER
International Standard Book Number 9780133428377
020 ## - INTERNATIONAL STANDARD BOOK NUMBER
International Standard Book Number 0133428370
040 ## - CATALOGING SOURCE
Original cataloging agency DLC
Language of cataloging eng
Transcribing agency DLC
Description conventions rda
Modifying agency DLC
042 ## - AUTHENTICATION CODE
Authentication code pcc
050 00 - LIBRARY OF CONGRESS CALL NUMBER
Classification number HF5657.4.B36 2015
082 00 - DEWEY DECIMAL CLASSIFICATION NUMBER
Classification number 658.15/11
Edition number 23
100 1# - MAIN ENTRY--PERSONAL NAME
Personal name Braun, Karen Wilken.
245 10 - TITLE STATEMENT
Title Managerial accounting /
Statement of responsibility, etc Karen Wilken Braun, Case Western Reserve University, Wendy M. Tietz, Kent State University.
250 ## - EDITION STATEMENT
Edition statement Fourth edition.
260 ## - PUBLICATION, DISTRIBUTION, ETC. (IMPRINT)
Place of publication, distribution, etc Boston
Name of publisher, distributor, etc Pearson education
Date of publication, distribution, etc c2015
300 ## - PHYSICAL DESCRIPTION
Extent xviii, 925 pages :
Other physical details color illustrations ;
Dimensions 28 cm
500 ## - GENERAL NOTE
General note Includes indexes.
650 #0 - SUBJECT ADDED ENTRY--TOPICAL TERM
Topical term or geographic name as entry element Managerial accounting.
700 1# - ADDED ENTRY--PERSONAL NAME
Personal name Tietz, Wendy M.
906 ## - LOCAL DATA ELEMENT F, LDF (RLIN)
a 7
b cbc
c orignew
d 1
e ecip
f 20
g y-gencatlg
942 ## - ADDED ENTRY ELEMENTS (KOHA)
Source of classification or shelving scheme
Koha item type Book
Holdings
Withdrawn status Lost status Source of classification or shelving scheme Damaged status Not for loan Home library Current library Shelving location Date acquired Total Checkouts Full call number Barcode Date last seen Copy number Price effective from Koha item type
          Riara University Library Riara University Library General stack 01/09/2016   HF5657.4.B36 2015 8237/16 01/09/2016 C.1 01/09/2016 Book

Riara University Library,
P.O. Box 49940-00100,
Nairobi, Kenya.